000 00285nam a22001337a 4500
008 181217b xxu||||| |||| 00| 0 eng d
020 _a9780072121209
041 _aeng
080 _a1004
100 _a37
101 _aSHK
245 _a101 Oracle Dba
_cJames. V
942 _2udc
_cBK
999 _c53183
_d53183